|
|
|
|
| LEADER |
00000cam a2200000 c 4500 |
| 001 |
197020747 |
| 003 |
DE-627 |
| 005 |
20260206200237.0 |
| 007 |
tu |
| 008 |
960427s1972 xxu||||| 00| ||eng c |
| 020 |
|
|
|a 0876300514
|9 0-87630-051-4
|
| 035 |
|
|
|a (DE-627)197020747
|
| 035 |
|
|
|a (DE-603)051965127
|
| 035 |
|
|
|a (DE-576)031355056
|
| 035 |
|
|
|a (DE-599)GBV197020747
|
| 035 |
|
|
|a (OCoLC)832473584
|
| 035 |
|
|
|a (OCoLC)00333489
|
| 035 |
|
|
|a (OCoLC)462537023
|
| 035 |
|
|
|a (DE-604)8019455453
|
| 040 |
|
|
|a DE-627
|b ger
|c DE-627
|e rakwb
|
| 041 |
|
|
|a eng
|
| 044 |
|
|
|c XD-US
|c XA-GB
|
| 082 |
0 |
|
|a 616.8/91
|
| 082 |
0 |
|
|a 616.89/16
|
| 082 |
0 |
|
|a 616.8916
|q LoC
|2 DDC18oclc
|
| 084 |
|
|
|a CU 8500
|2 rvk
|0 (DE-625)rvk/19138:
|
| 245 |
0 |
0 |
|a Clinical behavior therapy
|c ed. by Arnold A. Lazarus
|
| 264 |
|
1 |
|a New York
|b Brunner/Mazel [u.a.]
|c 1972
|
| 300 |
|
|
|a VII, 230 S.
|
| 336 |
|
|
|a Text
|b txt
|2 rdacontent
|
| 337 |
|
|
|a ohne Hilfsmittel zu benutzen
|b n
|2 rdamedia
|
| 338 |
|
|
|a Band
|b nc
|2 rdacarrier
|
| 505 |
8 |
|
|a Literaturangaben
|
| 505 |
8 |
|
|a Literaturangaben
|
| 505 |
8 |
|
|a Literaturangaben
|
| 583 |
1 |
|
|a Archivierung prüfen
|c 20240324
|f DE-4165
|z 1
|2 pdager
|
| 650 |
0 |
7 |
|0 (DE-588)4062874-7
|0 (DE-627)106129899
|0 (DE-576)209146435
|a Verhaltenstherapie
|2 gnd
|
| 655 |
|
7 |
|a Aufsatzsammlung
|0 (DE-588)4143413-4
|0 (DE-627)105605727
|0 (DE-576)209726091
|2 gnd-content
|
| 689 |
0 |
0 |
|d s
|0 (DE-588)4062874-7
|0 (DE-627)106129899
|0 (DE-576)209146435
|a Verhaltenstherapie
|2 gnd
|
| 689 |
0 |
|
|5 (DE-627)
|
| 700 |
1 |
|
|a Lazarus, Arnold A.
|d 1932-2013
|e Hrsg.
|0 (DE-588)119373238
|0 (DE-627)080184456
|0 (DE-576)161928579
|4 edt
|
| 935 |
|
|
|a MZUSA
|
| 935 |
|
|
|i Blocktest
|
| 935 |
|
|
|h HEB
|i 0501
|
| 935 |
|
|
|h HEB
|i 0503
|
| 936 |
r |
v |
|a CU 8500
|b Verhaltenstherapie (behaviour therapy), kognitive Verhaltenstherapie
|k Psychologie
|k Klinische Psychologie
|k Psychologische Behandlungsmethoden, Psychotherapie
|k Behandlungsmethoden
|k Verhaltenstherapie (behaviour therapy), kognitive Verhaltenstherapie
|0 (DE-627)1271486083
|0 (DE-625)rvk/19138:
|0 (DE-576)201486083
|
| 936 |
s |
n |
|a c200
|2 mzub
|
| 951 |
|
|
|a BO
|
| ELC |
|
|
|b 1
|
| LOK |
|
|
|0 000 xxxxxcx a22 zn 4500
|
| LOK |
|
|
|0 001 3157198181
|
| LOK |
|
|
|0 003 DE-627
|
| LOK |
|
|
|0 004 197020747
|
| LOK |
|
|
|0 005 20150312124709
|
| LOK |
|
|
|0 008 930112||||||||||||||||ger|||||||
|
| LOK |
|
|
|0 040
|a DE-21-110
|c DE-627
|d DE-21-110
|
| LOK |
|
|
|0 689
|a s
|a Verhaltenstherapie
|
| LOK |
|
|
|0 852
|a DE-21-110
|
| LOK |
|
|
|0 852 1
|c M XII 92
|m p
|9 00
|
| LOK |
|
|
|0 935
|a k110
|
| LOK |
|
|
|0 936ln
|a 8.6.7
|
| LOK |
|
|
|0 938
|k p
|
| LOK |
|
|
|0 939
|a 12-01-93
|b l01
|
| ORI |
|
|
|a SA-MARC-krimdoka001.raw
|
| SIG |
|
|
|a IFK: M XII 92
|